000 00569nam a2200181Ia 4500
008 240729s9999 xx 000 0 und d
022 _a1469-5111
245 0 _aInternational Journal of Neuropsychopharmacology
260 _aUnited Kingdom
260 _bOxford University Press
650 _a Internal medicine
650 _a Neurosciences. Biological psychiatry. Neuropsychiatry
650 _a Therapeutics. Pharmacology | Medicine
650 _aMedicine
856 _uhttps://doaj.org/toc/dfef0071677346038b6f2701f605dd1a
942 _2ddc
942 _cDOAJEJ
999 _c71299
_d71299
945 _a1
_bMadushi Gamage
_c1
_dMadushi Gamage